00391cam a2200133 a 4500020002400000020002500024040000800049082002700057100002500084245006400109250001200173260005100185300002100236 a1880656108 (pbk.) : a188065606X (bound) : cDLC00a303 STO 1994 A010 Or. 1 aSchodt, Frederik L.,10aAmerica and the four Japans :bfriend, foe, model, mirror / a1st ed. aBerkekey, Calif. :bStone Bridge Press,c1994. a200 p. ;c19 cm.